Μην σε δαγκώσουν - Statistics

General Stats
  • This quiz has been taken 100 times
  • The average score is 7 of 27
Answers on the Grid
Answers color-coded by a green-red scale on the quiz's grid according to % correct below.
 
Answer Stats
Answer % Correct
39%
36%
33%
31%
31%
31%
28%
28%
28%
28%
25%
25%
25%
25%
25%
25%
25%
22%
22%
22%
19%
19%
19%
17%
17%
17%
11%
No matching quizzes found
Score Distribution
Percent of People with Each Score
Percentile by Number Answered
Your Score History
You have not taken this quiz